| 000 | 00433nam a22001457a 4500 | ||
|---|---|---|---|
| 020 | _a0471135763 | ||
| 040 | _cNust | ||
| 082 |
_a620.11 _bCAL |
||
| 100 |
_aWilliam D. Callister, Jr _952261 |
||
| 245 | _aAn Introduction to material science and engineering | ||
| 250 | _a6th edition | ||
| 260 |
_aUSA: _bJohn Wiley and sons Inc, _c2003. |
||
| 650 |
_aAn Introduction to material science and engineering _9129055 |
||
| 942 |
_2ddc _cBK |
||
| 999 |
_c613803 _d613803 |
||